Official GRE verbal reasoning practice questions. (Record no. 598958)
[ view plain ]
| 000 -LEADER | |
|---|---|
| fixed length control field | 00337nam a2200109Ia 4500 |
| 008 - FIXED-LENGTH DATA ELEMENTS--GENERAL INFORMATION | |
| fixed length control field | 230907s9999||||xx |||||||||||||| ||und|| |
| 082 ## - DEWEY DECIMAL CLASSIFICATION NUMBER | |
| Classification number | 378.1664 |
| Author Mark | OFF |
| 245 #0 - TITLE STATEMENT | |
| Title | Official GRE verbal reasoning practice questions. |
| 300 ## - PHYSICAL DESCRIPTION | |
| Extent | xi, 241 pages ; |
| 650 ## - SUBJECT ADDED ENTRY--TOPICAL TERM | |
| Topical term or geographic name entry element | Study guides. Study guides. Study guides. Study guides. |
| 9 (RLIN) | 115612 |
| 942 ## - ADDED ENTRY ELEMENTS (KOHA) | |
| Koha item type | Book |
| Withdrawn status | Lost status | Damaged status | Not for loan | Permanent Location | Current Location | Date acquired | Total Checkouts | Full call number | Barcode | Date last seen | Price effective from | Koha item type |
|---|---|---|---|---|---|---|---|---|---|---|---|---|
| US-Pakistan Center for Advanced Studies in Energy (USPCAS-E) | US-Pakistan Center for Advanced Studies in Energy (USPCAS-E) | 08/08/2019 | 378.1664 OFF | CAS-E0003057 | 09/12/2023 | 09/12/2023 | Book |
